000 00353nam a2200133Ia 4500
008 240624s9999 xx 000 0 und d
041 _aeng
082 _a658.473 STA
100 _aSTAMLER RODNEY T
245 _aFRAUD PREVENTION AND DETECTION WARNING S
260 _c2014
_aLondon
_bCRC Press
300 _axvi, : 300 : p. : cm. ; 24
365 _cGBP
_b30
999 _c26913
_d26913